| 000 | 01269nam a2200253 a 4500 | ||
|---|---|---|---|
| 001 | 000032420 | ||
| 005 | 20200930065630.0 | ||
| 008 | 110718s1954 dr 000 0 spa d | ||
| 040 |
_aDO-SdBNP _bspa _cBNPHU |
||
| 100 | 1 |
_aLópez de Palacios Rubios, Juan _958380 |
|
| 245 | 1 | 0 |
_aDe las islas del mar océano ; _bDel dominio de los Reyes de España sobre los indios / _cJuan López de Palacios. Del dominio de los Reyes de , Matias de Paz ; introducción de Silvio Zavala ; traducción, notas y bibliografía de Agustín Millares Carló. |
| 260 |
_aBuenos Aires : _bFondo de Cultura Económica, _c1954. |
||
| 300 |
_acxxx, 209 p. ; _c22 cm. |
||
| 490 | 1 |
_aBiblioteca americana _acronistas de Indias |
|
| 500 | _aIncluye índices | ||
| 500 | _aIncluye referencias bibliográficas y notas al pie de las páginas | ||
| 500 | _aDos obras encuadernadas juntas con paginación continúa | ||
| 504 | _aBibliografía: p. 269-289 | ||
| 700 | 1 |
_aPaz, Matías de Paz, _d1468 (ca.)-1519 _tDel dominio de los reyes de España sobre los indios. _958381 |
|
| 700 | 1 |
_aMillares Carlo, Agustín, _d1893-1980. _921293 |
|
| 700 | 1 |
_aZavala, Silvio _946363 |
|
| 740 | 0 | _aDel dominio de los reyes de España sobre los indios. | |
| 830 | 0 |
_aBiblioteca americana _pcronistas de Indias _957182 |
|
| 999 |
_c31911 _d31911 |
||